Annual report : 2002
Αποθηκεύτηκε σε:
| Συγγραφή απο Οργανισμό/Αρχή: | |
|---|---|
| Μορφή: | Βιβλίο |
| Γλώσσα: | English |
| Δημοσίευση: |
Αθήνα :
Hellenic Deposit Guarantee Fund,
[2002;]
|
| Θέματα: | |
| Ετικέτες: |
Προσθήκη ετικέτας
Δεν υπάρχουν, Καταχωρήστε ετικέτα πρώτοι!
|
MARC
| LEADER | 00000nam a2200000 i 4500 | ||
|---|---|---|---|
| 001 | 1/84107 | ||
| 008 | 050825q2002 eng d | ||
| 035 | |l 10079940 | ||
| 040 | |a GR-MY-UA |b gre |e aacr | ||
| 041 | 0 | |a eng | |
| 082 | 0 | |a 332.1 |2 (22) | |
| 110 | 2 | |a Hellenic Deposit Guarantee Fund. | |
| 245 | 1 | 0 | |a Annual report : |b 2002 / |c Hellenic Deposit Guarantee Fund |
| 260 | |a Αθήνα : |b Hellenic Deposit Guarantee Fund, |c [2002;] | ||
| 300 | |a 31 σ.; |b εικ., διαγρ., σχ.; |c 30 εκ. | ||
| 650 | 0 | 0 | |a Bank deposits |z Greece. |
| 650 | 0 | 0 | |a Banks and banking |z Greece. |
| 650 | 0 | 0 | |a Monetary policy |z Greece. |
| 852 | |a INST |b CHIOS |e 20050825 |h 332.1 HEL |p 005200023076 |q 005200023076 |t BK |y 0 | ||
| 901 | |a BIBL2-2005-2 | ||
| 909 | |a Χ |b 109021 | ||
| 920 | |a ΤΑΜΕΙΟ ΕΓΓΥΗΣΗΣ ΚΑΤΑΘΕΣΕΩΝ |y ΧΙΟΣ |z 2004-05 | ||
| 970 | |a ΧΑΖΙΡΗ |b ΑΝΝΑ |z 2005/08/25 | ||